000 00432nam a2200157Ia 4500
008 230917s9999||||xx |||||||||||||| ||und||
040 _e109243
_aMAIN
041 _aEnglish
082 _a515.35 E95D
100 _aEdwards, C Henry
245 0 _aDifferential equations and boundary value problems: Computing and modeling
250 _a3rd ed.
260 _aNew Delhi
_bPearson education
_c2004
300 _a801 p.
942 _cBK
999 _c129675
_d129675